000 00201nam a2200097Ia 4500
008 240331s9999 xx 000 0 und d
082 _bInd
100 _aIndran,
245 0 _aTamizh azhagiyal
942 _cL
999 _c3687
_d3687